El feudalismo
Na minha lista:
| Autor principal: | |
|---|---|
| Formato: | Livro |
| Idioma: | espanhol |
| Publicado em: |
Barcelona
Ariel
1963
|
| Colecção: | Colección Zetein-Estudios y Ensayos
|
| Assuntos: | |
| Tags: |
Adicionar Tag
Sem tags, seja o primeiro a adicionar uma tag!
|
MARC
| LEADER | 00000nam a2200000 a 4500 | ||
|---|---|---|---|
| 001 | UCL0462 | ||
| 003 | CL-VaPUC | ||
| 008 | 030718e19630000SP |||||||||||||||||spa|d | ||
| 082 | 0 | 4 | |a 940.1 |b GAN |2 21 |
| 100 | |a Ganshof, Francois Louis |e author |9 477154 | ||
| 245 | 1 | 3 | |a El feudalismo |
| 300 | |a 320 p | ||
| 942 | |c BK | ||
| 945 | |d 20030718 00:00:00 |a cmena | ||
| 260 | |a Barcelona |b Ariel |c 1963 | ||
| 600 | 0 | |a Carlomagno |9 343111 | |
| 650 | 0 | |a Feudalismo |9 313469 | |
| 650 | 0 | |a Estado |9 255503 | |
| 650 | 7 | |a CAROLINGIOS |2 CL-VaPUC |9 320966 | |
| 650 | 0 | |a Vasallos |9 392359 | |
| 583 | |a last modification |c 20030718 00:00:00 |k Rodrigo Vera | ||
| 490 | 0 | |a Colección Zetein-Estudios y Ensayos | |
| 999 | |c 304330 |d 304328 | ||
| 952 | |0 0 |1 0 |4 0 |6 940_100000000000000_GAN_1963 |7 0 |8 DER_HIS |9 366352 |a BIBDER |b BIBDER |d 2019-11-21 |i 3922936 |o 940.1 GAN 1963 |p 3922936 |r 2023-01-25 |w 2019-11-21 |x Ubicación 4to Piso |y BK |z Estos recursos deben solicitarse con anticipación |k DER | ||